IT ako partner v biznise

Bibliographic Details
Format: Article
Language:Slovak
ISSN:1335-4787
Subjects:

MARC

LEADER 00000nab a2200000 a 4500
001 vtls008831199
003 SK-MaSNL
005 20260304180059.0
008 250505c2006 xo |||||||||||000 b|slo
015 |a SNBRB2006/07  |2 snkbucl 
035 |a (uuid)d8eaaf02-7c86-4d71-83b2-05c5314e8337 
035 |a urn:nbn:sk:snk-ab1eyw 
035 |a (urnnbn)urn:nbn:sk:snk:ar-0034c7 
038 |a SNKBUCL 
040 |a SNKBUCL  |b slo  |c SNKBUCL  |e AACR2 
041 0 |a slo 
044 |a xo  |c SK 
080 |a 658.012.45.012.61  |2 1997 
080 |a 004:658  |2 1997 
080 |a 658.012.61  |2 1997 
245 0 0 |a IT ako partner v biznise 
500 |a Zdroj: CIO, NDMA 
650 0 7 |a podnikové informačné systémy  |2 snkbucl  |9 68605 
650 0 7 |a informačné technológie  |2 snkbucl  |9 1527 
650 0 7 |a informačný manažment  |2 snkbucl  |9 4990 
773 0 |t Infoware  |g Č. 3 (2006), s. 14-17  |x 1335-4787 
850 |a Slovenská národná knižnica 
852 |a Slovenská národná knižnica 
954 |a odborná, vedecká literatúra pôvodná (slovenská)  |2 lita 
958 |a article2022 
958 |a OND 
958 |a EUIPO 
999 |c 3016430  |d 3018360